| 000 | 00795nam a22001937a 4500 | ||
|---|---|---|---|
| 999 |
_c174387 _d174387 |
||
| 005 | 20200611125045.0 | ||
| 010 | _aUR-10786 | ||
| 020 |
_c500.00 _a9789387248410 |
||
| 035 | _aU-9341 | ||
| 037 | _bDBAD/PUB | ||
| 082 | _a927.44 | ||
| 100 | _aغو ثيہ با نو | ||
| 245 |
_aعہد عثما نی کے فر ا مين و د ستا و يز ا ت کا لسا نی و ا سلو بيا تی مطا لعہ _cغو ثيہ با نو |
||
| 246 |
_bAhdy Usmani Ke Farameen o Dastavezaat Ka Lisaani o Uslobiyati Mutalia (Urdu) _aby Ghousia Banu |
||
| 260 |
_aHyderabad _bTanveer Publishers _c2019 ء |
||
| 270 |
_a11-6-837,2nd Floor,Sana Appartment Red Hills, _bHyderabad,Telangana , _e- _k917207838273 _l- |
||
| 300 |
_a328 ص _c22 Cm(Hb) |
||
| 942 |
_2ddc _cUR _h927.44 _mغ و ث |
||